Sports Quiz

Random Sports or Soccer Quiz

Olympic goldmine - find the gold medal winners Quiz Stats

Quiz not verified by Sporcle

Also try: MLB Team Leaders
Challenge
Share
Tweet
Embed
Score 0/29 Timer 08:00
0 Plays Today
% Correct
Sebastian Coe
87.5%
Bradley Wiggins
87.5%
Andy Murray
82.3%
Muhammad Ali
77.1%
Cathy Freeman
76%
Rafael Nadal
76%
Lindsey Vonn
76%
Magic Johnson
75%
Steffi Graf
71.9%
Sergey Bubka
70.8%
Javier Sotomayor
68.8%
Lennox Lewis
68.8%
Jayne Torvill
64.6%
Evgeni Plushenko
61.5%
Yohan Blake
58.3%
% Correct
Alberto Tomba
58.3%
Liu Xiang
57.3%
George Foreman
57.3%
Lionel Messi
56.3%
Joe Frazier
54.2%
Wladimir Klitschko
54.2%
Oscar de la Hoya
51%
Jay Jay Okocha
50%
Jaromir Jagr
46.9%
Boris Becker
45.8%
Mario Lemieux
41.7%
Samuel Eto'o
40.6%
Pep Guardiola
32.3%
Kurt Angle
32.3%

You're not logged in!

Compare scores with friends on all Sporcle quizzes.
Join for Free
OR
Log In

You Might Also Like...

Show Comments

Extras

Top Quizzes Today


Score Distribution

Your Account Isn't Verified!

In order to create a playlist on Sporcle, you need to verify the email address you used during registration. Go to your Sporcle Settings to finish the process.

Report this User

Report this user for behavior that violates our Community Guidelines.

Details: